| 000 | 00524nam a22001697a 4500 | ||
|---|---|---|---|
| 008 | 160526b xxu||||| |||| 00| 0 eng d | ||
| 020 | _a0-07-288256-5 | ||
| 082 |
_22005 _aDC 659.2 _bB54p |
||
| 100 |
_99157 _aBivins, Thomas H. |
||
| 245 |
_aPublic relations writing: _bthe essentials of style and format/ _cThomas H. Bivins. |
||
| 250 | _aFifth edition. | ||
| 260 |
_aBoston: _bMcGraw-Hill, _cc2005. |
||
| 300 |
_axii, 358 pages; _c23 cm. |
||
| 500 | _aIncludes index. | ||
| 650 | 0 |
_99159 _aPublic relations. |
|
| 942 |
_2ddc _cDC |
||
| 999 |
_c2765 _d2765 |
||